000 00577nam a2200205Ia 4500
003 GCL
008 140319s9999 xx 000 0 eng d
020 _a1564966844
040 _aGCL /
_cGCL
082 0 4 _a004.678
_bD W
100 1 _aDONNELLY, DANIEL
245 1 0 _aWWW DESIGN :
_bWEB PAGES FROM AROUND THE WORLD /
_cDONNELLY, DANIEL
260 _aنيويورك :
_bROCKPORT PUBLISHERS INC. ،
_c2000
300 _a32 CM ؛
_c160 P
650 0 4 _aWORLD WIDE WEB
650 0 4 _aINTERNET
650 0 4 _aINTERNET PROGRAMMING
650 0 4 _aCOMPUTER NETWORKS
942 _2ddc
_cBK
999 _c6557
_d6557